| 000 | 00600cam a22002172a 4500 | ||
|---|---|---|---|
| 001 | 025616 | ||
| 003 | AR-FADEU | ||
| 008 | 311216n2014####xxu####################dd | ||
| 020 | _a978-950-23-2398-5 | ||
| 092 |
_aD341.189 _bS919 |
||
| 100 | _aSteiner, Christian, ed. | ||
| 245 | _aConvención americana sobre derechos humanos : comentario | ||
| 260 | _aBerlín | ||
| 260 | _bKonrad Adenauer Stiftung | ||
| 260 | _bEudeba | ||
| 260 | _c2014 | ||
| 300 | _a1040 p | ||
| 700 | _aPatricia, Uribe, ed. | ||
| 650 | _aDERECHO INTERNACIONAL; DERECHOS HUMANOS-CONVENCION AMERICANA | ||
| 942 | _cBDGR | ||
| 999 |
_c31302 _d31302 |
||